[Event "Idaho Closed"]
[Site "Twin Falls, ID"]
[Date "2011.02.20"]
[Round "3.12"]
[White "Patterson, Katie Rae"]
[Black "Pentico, Christopher"]
[Result "0-1"]
[WhiteElo "947"]
[BlackElo "1459"]

1. c4 Nf6 2. Nc3 g6 3. Nf3 Bg7 4. d3 O-O 5. Bd2 d5 6. Qc1 d4 7. Ne4 Nxe4 8.
dxe4 c5 9. Bh6 Bg4 10. Bxg7 Kxg7 11. Ne5 Qa5+ 12. Kd1 Be6 13. b3 f6 14. Nf3
Nc6 15. e3 Rad8 16. Ke2 dxe3 17. Qxe3 Nd4+ 18. Nxd4 Rxd4 19. a4 Rfd8 20. Ra2
Qb4 21. g3 Bxc4+ 22. bxc4 Qxc4+ 23. Ke1 Rd1# 0-1

[Event "Idaho Closed"]
[Site "Twin Falls, ID"]
[Date "2011.02.21"]
[Round "5.10"]
[White "Pentico, Christopher"]
[Black "Buckendorf Jr., Glen"]
[Result "0-1"]
[WhiteElo "1459"]
[BlackElo "1800"]

1. Nf3 c5 2. c4 Nc6 3. g3 g6 4. Bg2 Bg7 5. O-O Nf6 6. Nc3 O-O 7. d4 cxd4 8.
Nxd4 Nxd4 9. Qxd4 d6 10. Rd1 Nd7 11. Qd2 Nc5 12. Rb1 Rb8 13. b4 Ne6 14. Nd5
Nc7 15. Bb2 Nxd5 16. Bxg7 Kxg7 17. Qxd5 Kg8 18. Rb2 Be6 19. Qd4 b6 20. h4 h5
21. Kh2 Rc8 22. Rc2 Rc7 23. Bh3 Qc8 24. Bxe6 fxe6 25. Qd3 Qe8 26. f3 Qf7 27.
Rdc1 Qf6 28. c5 bxc5 29. bxc5 d5 30. Rb1 Kg7 31. c6 Rfc8 32. Rb7 Rxc6 33. Rxc6
Rxc6 34. Rxa7 d4 35. Qa3 Kf7 36. Qa4 Rc1 37. Ra8 Qg7 38. Ra7 Re1 39. Qc4 Qe5
40. Kg2 Rxe2+ 41. Kf1 Re1+ 42. Kg2 Qe2+ 43. Qxe2 Rxe2+ 44. Kf1 Re3 45. Kf2 e5
46. Rb7 Kf6 47. a4 Ra3 48. Rb4 Ke6 49. Rb6+ Kd5 50. Rxg6 Rxa4 51. g4 hxg4 52.
Rxg4 Ra2+ 53. Ke1 Kc4 54. Re4 Kc3 55. Rxe5 Ra1+ 56. Kf2 d3 57. Rxe7 d2 58. Rd7
d1=Q 59. Rxd1 Rxd1 60. f4 Rd8 61. Kf3 Kd4 62. h5 Rf8 63. Kg4 Kd5 64. h6 Ke6
65. Kh5 Kf6 66. f5 Rh8 {#R} 0-1

[Event "ICA Players Mem-Open"]
[Site "Boise, ID"]
[Date "2011.05.14"]
[Round "2.3"]
[White "Pentico, Christopher"]
[Black "Vasquez, David X"]
[Result "0-1"]
[WhiteElo "1434"]
[BlackElo "1939"]

1. Nf3 Nf6 2. g3 d5 3. Bg2 c6 4. O-O Bg4 5. Ne5 Bf5 6. d3 e6 7. Nd2 Nbd7 8.
Ndf3 Bd6 9. e4 dxe4 10. dxe4 Nxe5 11. exf5 exf5 12. Bg5 O-O 13. c3 h6 14. Nxe5
Bxe5 15. Be3 Qxd1 16. Rfxd1 Kh7 17. Bc5 Rfe8 18. f4 Bc7 19. Bd4 Bb6 20. Bh3 g6
21. Kf1 Bxd4 22. Rxd4 Rad8 23. Rad1 Rxd4 24. Rxd4 Kg7 25. Ra4 a6 26. Bg2 Ng4
27. Bxc6 bxc6 28. Rxa6 Nxh2+ 29. Kg1 Re2 30. Rb6 Nf3+ 31. Kf1 Rc2 32. a4 Nd2+
33. Ke1 Nc4 34. Rxc6 Nxb2 35. a5 Rc1+ 36. Kd2 Ra1 37. Kc2 Nd1 38. a6 Nxc3 39.
Rxc3 Rxa6 40. Kd2 Re6 41. Rd3 Re7 42. Rd8 h5 43. Rd3 Re4 44. Rf3 g5 {#R} 0-1

[Event "ICA Players Mem-Open"]
[Site "Boise, ID"]
[Date "2011.05.15"]
[Round "4.5"]
[White "Henderson, Michael"]
[Black "Pentico, Christopher"]
[Result "1-0"]
[WhiteElo "1865"]
[BlackElo "1434"]

1. d4 Nf6 2. c4 g6 3. Nc3 Bg7 4. e4 d6 5. Nge2 O-O 6. Ng3 c5 7. d5 Nbd7 8. Be3
Nb6 9. Qd2 Ng4 10. Bf4 Ne5 11. b3 a5 12. a4 e6 13. O-O-O exd5 14. exd5 Bg4 15.
Re1 Nexc4 16. Bxc4 Qf6 17. Nge4 Qd4 18. Qxd4 Bxd4 19. f3 Bd7 20. Nb5 Nxc4 21.
bxc4 Bxb5 22. cxb5 Rfe8 23. Nxd6 Rxe1+ 24. Rxe1 b6 25. Re8+ {#r} 1-0

[Event "ICU Twin Falls City Ch"]
[Site "Twin Falls, ID"]
[Date "2011.06.25"]
[Round "4.6"]
[White "Myers, Hugh S"]
[Black "Pentico, Christopher"]
[Result "0-1"]
[WhiteElo "1657"]
[BlackElo "1434"]

1. e4 e5 2. f4 Nc6 3. Nf3 f5 4. Bd3 fxe4 5. Bxe4 d5 6. Bd3 e4 7. Ne5 Nxe5 8.
fxe5 exd3 9. O-O Bc5+ 10. Kh1 Qg5 11. cxd3 Bg4 12. Qe1 O-O-O 13. d4 Bxd4 14.
d3 Qxe5 15. Qxe5 Bxe5 16. Nc3 Bxc3 17. bxc3 Be2 18. Rf7 Nh6 19. Bxh6 gxh6 20.
d4 Rdf8 21. Rxf8+ Rxf8 22. h3 Rf1+ 23. Rxf1 Bxf1 24. Kg1 Bc4 25. a3 Kd7 26.
Kf2 Ke6 27. Kf3 h5 28. h4 Kf5 29. g3 h6 30. Kf2 Kg4 31. Kg2 b5 32. Kf2 a5 33.
Kg2 Bd3 34. Kh2 Be4 {#R} 0-1

[Event "MH Spring Tourny"]
[Site "Mountain Home, ID"]
[Date "2012.04.28"]
[Round "1.5"]
[White "Pentico, Christopher"]
[Black "Mihalic, Max"]
[Result "1-0"]
[WhiteElo "1456"]
[BlackElo "1000"]

1. Nf3 c6 2. d4 d5 3. c4 Nf6 4. Nc3 e6 5. Bg5 Bd6 6. c5 Be7 7. e3 h6 8. Bh4 g5
9. Bg3 Nbd7 10. Bd3 Ne4 11. Nxe4 Qa5+ 12. Nc3 Nf6 13. O-O e5 14. Bxe5 g4 15.
Nh4 Rg8 16. a3 Qd8 17. Bf5 Bxf5 18. Nxf5 Ne4 19. Nxh6 Rg6 20. Nxg4 f6 21. Bf4
f5 22. Ne5 Rg8 23. Qh5+ Kf8 24. Qf7# 1-0

[Event "MH Spring Tourny"]
[Site "Mountain Home, ID"]
[Date "2012.04.28"]
[Round "3.3"]
[White "Pentico, Christopher"]
[Black "Puderbaugh, Kory"]
[Result "1-0"]
[WhiteElo "1456"]
[BlackElo "1389"]

1. Nf3 d5 2. g3 Nf6 3. Bg2 Bf5 4. d3 e6 5. O-O Be7 6. Nh4 Bg6 7. Nxg6 hxg6 8.
c4 c6 9. Qb3 Qc7 10. cxd5 exd5 11. Bf4 Qc8 12. Nd2 Nbd7 13. Rac1 Ng4 14. Bxd5
Rxh2 15. Bxf7+ Kd8 {#r} 1-0

[Event "MH Summer Tourny"]
[Site "Mountain Home, ID"]
[Date "2012.07.28"]
[Round "1.3"]
[White "Blankenship, James H"]
[Black "Pentico, Christopher"]
[Result "1-0"]
[WhiteElo "1587"]
[BlackElo "1000"]

1. e4 g6 2. f4 Bg7 3. Nf3 c5 4. Nc3 d6 5. d4 cxd4 6. Nxd4 Qb6 7. Nb3 Nh6 8.
Be2 O-O 9. Nd5 Qd8 10. g4 e6 11. Ne3 Qh4+ 12. Kf1 Qh3+ 13. Kg1 Bxb2 14. g5
Bxa1 15. Nxa1 Nf5 16. exf5 exf5 17. Bf3 Nc6 18. Qf1 Qxf1+ 19. Kxf1 Rb8 20. Nd5
Nd4 21. Nf6+ Kg7 22. Bd1 h6 23. Bb2 hxg5 24. Bxd4 Kh6 25. fxg5+ Kxg5 26. h4+
Kf4 27. Kf2 g5 28. Bf3 gxh4 29. Rg1 Be6 30. Nh5# 1-0

[Event "MH Summer Tourny"]
[Site "Mountain Home, ID"]
[Date "2012.07.28"]
[Round "2.6"]
[White "Pentico, Christopher"]
[Black "Blake, Isaac"]
[Result "1-0"]
[WhiteElo "1000"]
[BlackElo "1000"]

1. e4 c6 2. d4 d5 3. Nc3 dxe4 4. Nxe4 Bf5 5. Ng3 Bg6 6. Nf3 h6 7. h4 Nd7 8. h5
Bh7 9. Bd3 Bxd3 10. Qxd3 Ngf6 11. Bd2 e6 12. O-O-O Bd6 13. Rde1 O-O 14. Ne4
Nxe4 15. Rxe4 Nf6 16. Ree1 Ng4 17. Qe2 Qb6 18. c3 c5 19. Rh4 Nf6 20. Be3 Nd5
21. Bxh6 gxh6 22. Rg4+ Kh8 23. Ne5 {#r} 1-0

[Event "MH Summer Tourny"]
[Site "Mountain Home, ID"]
[Date "2012.07.28"]
[Round "3.4"]
[White "Pentico, Christopher"]
[Black "Chaney, Alle"]
[Result "1/2-1/2"]
[WhiteElo "1000"]
[BlackElo "1105"]

1. c4 e5 2. Nc3 Nc6 3. g3 Nf6 4. Bg2 g6 5. d3 Bg7 6. Nf3 d6 7. O-O O-O 8. Rb1
Qe7 9. b4 a6 10. a4 Na7 11. d4 Rd8 12. d5 Bf5 13. Rb2 Rdb8 14. Nh4 Bd7 15. e4
b5 16. axb5 axb5 17. Bd2 bxc4 18. Qe2 Qe8 19. Qxc4 Nb5 20. Rc1 Nxc3 21. Qxc3
Ra7 22. Rcb1 Qc8 23. Qe3 Ra4 24. b5 Ng4 25. Qe2 Nf6 26. Bf1 Nxe4 27. Rb4 Rxb4
28. Bxb4 Nf6 29. Bd2 Qd8 30. Bg5 Qe8 31. Bxf6 Bxf6 32. Qb2 Bxh4 33. gxh4 Qd8
34. Qb4 Qf6 35. Qa5 Rc8 36. Rc1 Qf3 37. Rxc7 Rxc7 38. Qxc7 Bf5 39. Qd8+ Kg7
40. Qxd6 Be4 41. Qxe5+ Qf6 42. Qxf6+ Kxf6 43. Bg2 Bf5 44. b6 Bc8 45. Bh3 Bb7
46. f4 Ke7 47. Kf2 Kd6 48. Bg2 f6 49. Ke3 h6 50. Ke4 Ba8 51. Bh3 Bb7 {#d}
1/2-1/2

[Event "MH Spring Chess Tourny"]
[Site "Mountain Home, ID"]
[Date "2013.05.04"]
[Round "1.4"]
[White "Pentico, Christopher"]
[Black "Winchell, Nathanael"]
[Result "1-0"]
[WhiteElo "1035"]
[BlackElo "1000"]

1. Nf3 d5 2. g3 Nc6 3. Bg2 e6 4. O-O Nf6 5. d4 b6 6. c3 Bd6 7. Bg5 O-O 8. Nbd2
Bb7 9. e4 dxe4 10. Nxe4 Be7 11. Nxf6+ Bxf6 12. Bxf6 Qxf6 13. Qa4 a5 14. Ne5
Nd8 15. Bxb7 Nxb7 16. Nd7 Qf3 17. Nxf8 Rxf8 18. Qd7 c5 19. Qc7 cxd4 20. cxd4
b5 21. Rfe1 g6 22. Qb6 b4 23. Qb5 Rc8 24. Re3 Qc6 25. Qxc6 Rxc6 26. a3 bxa3
27. Raxa3 Rc1+ 28. Kg2 Rc7 29. Rec3 Rd7 30. Rab3 a4 31. Rb4 Nd6 32. Rxa4 Nb5
33. Rd3 Kg7 34. Rb4 Nc7 35. Rb7 {#r} 1-0

[Event "MH Spring Chess Tourny"]
[Site "Mountain Home, ID"]
[Date "2013.05.04"]
[Round "3.3"]
[White "Pentico, Christopher"]
[Black "Anthony, Marcus"]
[Result "1-0"]
[WhiteElo "1035"]
[BlackElo "1000"]

1. e4 e5 2. Nf3 Nc6 3. d4 d6 4. dxe5 dxe5 5. Qxd8+ Nxd8 6. Nxe5 Bb4+ 7. Bd2
Bd6 8. Nc4 Nf6 9. Nxd6+ cxd6 10. Nc3 O-O 11. O-O-O a5 12. Bg5 Ng4 13. Rxd6 Nc6
14. f3 Nge5 15. Bb5 Be6 16. Na4 Nb4 17. a3 Nc4 18. Bxc4 Bxc4 19. Nb6 Ra6 20.
Nxc4 Rxd6 21. Nxd6 Nc6 22. Nxb7 f6 23. Bd2 a4 24. Rd1 f5 25. Nc5 fxe4 26. Nxe4
Nd4 27. Bb4 Rd8 28. Kb1 h5 29. Nc5 Kh7 30. Nxa4 Ra8 31. Rxd4 Rxa4 32. Bc3 Ra6
33. Rd7 Rg6 34. g3 h4 35. Rxg7+ Rxg7 36. Bxg7 Kxg7 37. gxh4 Kh6 38. a4 Kh5 39.
a5 Kxh4 40. a6 Kh3 41. a7 Kxh2 42. a8=Q Kg2 43. f4+ Kf2 44. f5 Ke2 45. f6 Kd2
46. f7 Ke2 47. f8=Q Kd2 48. Qf2+ Kd1 49. Qh1# 1-0

[Event "Mountain Home Open"]
[Site "Mountain Home, ID"]
[Date "2014.01.11"]
[Round "2.5"]
[White "Murphy, Andre"]
[Black "Pentico, Christopher"]
[Result "0-1"]
[WhiteElo "1000"]
[BlackElo "1455"]
[EventRounds "4"]
[EventCountry "USA"]

1. d4 Nf6 2. Nf3 g6 3. e3 Bg7 4. Bd3 c5 5. O-O cxd4 6. exd4 O-O 7. Nbd2 Nc6 8.
b3 d6 9. h3 Nh5 10. Bb2 Nb4 11. Be4 d5 12. Bd3 Nxd3 13. cxd3 Nf4 14. Ne1 Qd6
15. Qf3 e5 16. dxe5 Bxe5 17. Bxe5 Qxe5 18. Nc2 Qg5 19. g4 h5 20. Rfe1 hxg4 21.
hxg4 Bxg4 22. Qg3 Nxd3 23. f3 Nxe1 24. Rxe1 Qxd2 25. fxg4 Qxc2 26. Rf1 Qc5+
27. Kg2 Rae8 28. Rh1 Re2+ 29. Kf1 Qc2 30. Qh4 Qd1+ {#R} 0-1

[Event "Mountain Home Open"]
[Site "Mountain Home, ID"]
[Date "2014.01.11"]
[Round "3.4"]
[White "Pentico, Christopher"]
[Black "Westcott, Thomas"]
[Result "1-0"]
[WhiteElo "1455"]
[BlackElo "1013"]
[EventRounds "4"]
[EventCountry "USA"]

1. c4 e5 2. Nc3 c6 3. Nf3 d6 4. g3 h6 5. Bg2 Nd7 6. d4 f6 7. O-O g6 8. Qc2 f5
9. dxe5 dxe5 10. Rd1 Ngf6 11. Nxe5 Bc5 12. Nxg6 Rg8 13. Qxf5 Kf7 14. Nf4 Qe8
15. Ne4 Qe7 16. Nxc5 Nxc5 17. Qc2 Rd8 18. Rxd8 Qxd8 19. Qg6+ Ke7 20. Qg7+ Kd6
21. b4 Nce4 22. c5+ Ke5 23. Bb2+ Kf5 24. Qg6# 1-0

[Event "Mountain Home Open"]
[Site "Mountain Home, ID"]
[Date "2014.01.11"]
[Round "4.3"]
[White "Pentico, Christopher"]
[Black "Brimstein, Wesley M"]
[Result "1/2-1/2"]
[WhiteElo "1455"]
[BlackElo "1000"]
[EventRounds "4"]
[EventCountry "USA"]

1. e4 e6 2. d4 d5 3. e5 c5 4. Nf3 Nc6 5. c3 b6 6. Bb5 Bd7 7. Qa4 Nge7 8. Bg5
Qc7 9. O-O Nb8 10. dxc5 bxc5 11. b4 Bxb5 12. Qxb5+ Nd7 13. Nbd2 a6 14. Qa4 Qc6
15. Qa5 Qb5 16. Qxb5 axb5 17. bxc5 Nxc5 18. Nd4 Rb8 19. Bxe7 Bxe7 20. Nc6 Rb7
21. Nxe7 Rxe7 22. Rfb1 Rb7 23. a4 bxa4 24. Rxb7 Nxb7 25. Rxa4 O-O 26. Rb4 Nc5
27. f4 Nd3 28. Rd4 Nc5 29. c4 Rd8 30. cxd5 Rxd5 31. Rxd5 exd5 32. g3 f6 33.
exf6 gxf6 34. Kf2 Kf7 35. Ke3 Ke6 36. Kd4 Kd6 37. f5 h6 38. g4 Nd7 39. h3 Ne5
40. Ke3 Nc4+ 41. Nxc4+ dxc4 42. Kd4 c3 43. Kxc3 Ke5 44. Kd3 Kf4 45. Kd4 Kg3
46. Kd5 Kxh3 47. Ke6 Kxg4 48. Kxf6 h5 49. Kg6 h4 50. f6 h3 51. f7 h2 52. f8=Q
h1=Q 53. Qf5+ Kg3 {#d} 1/2-1/2